Southville International School and Colleges
Your cart is empty.
  • Cart
  • Lists
    Public lists Eva Luna New books Lux_list list_1
    Your lists Log in to create your own lists
  • Log in to your account
  • Your cookies
  • Search history
Southville International School and Colleges
  • Advanced search
  • Recent comments
  • Most popular
  • Libraries

Log in to your account

Log in with GOOGLE


If you do not have an external account, but do have a local account, you can still log in:

  1. Home
  2. MARC view: Learn from the great teacher.
Normal view MARC view ISBD view

Learn from the great teacher. (Record no. 296242)

[ view plain ]
MARC details
000 -LEADER
fixed length control field 01112cam a22002897a 4500
001 - CONTROL NUMBER
control field 13524626
003 - CONTROL NUMBER IDENTIFIER
control field SISC
005 - DATE AND TIME OF LATEST TRANSACTION
control field 20160711150201.0
008 - FIXED-LENGTH DATA ELEMENTS--GENERAL INFORMATION
fixed length control field 040316s2003 paua j 000 0 eng d
010 ## - LIBRARY OF CONGRESS CONTROL NUMBER
LC control number 2004540738
035 ## - SYSTEM CONTROL NUMBER
System control number (OCoLC)ocm53980225
040 ## - CATALOGING SOURCE
Original cataloging agency UUC
Transcribing agency UUC
Modifying agency DLC
042 ## - AUTHENTICATION CODE
Authentication code lccopycat
050 00 - LIBRARY OF CONGRESS CALL NUMBER
Classification number BS 2416 .L43 2003
082 04 - DEWEY DECIMAL CLASSIFICATION NUMBER
Classification number 225.9/505
245 00 - TITLE STATEMENT
Title Learn from the great teacher.
260 ## - PUBLICATION, DISTRIBUTION, ETC. (IMPRINT)
Place of publication, distribution, etc [Pennsylvania :
Name of publisher, distributor, etc Watch Tower Bible and Tract Society of Pennsylvania ;
Place of publication, distribution, etc Brooklyn, N.Y. :
Name of publisher, distributor, etc Watchtower Bible and Tract Society of New York,
Date of publication, distribution, etc c2003]
300 ## - PHYSICAL DESCRIPTION
Extent 255 p. :
Other physical details ill. (some col.) ;
Dimensions 23 cm.
600 00 - SUBJECT ADDED ENTRY--PERSONAL NAME
Personal name Jesus Christ
General subdivision Teachings
Form subdivision Juvenile literature.
650 #0 - SUBJECT ADDED ENTRY--TOPICAL TERM
Topical term or geographic name as entry element Bible stories, English
Form subdivision Juvenile literature.
650 #0 - SUBJECT ADDED ENTRY--TOPICAL TERM
Topical term or geographic name as entry element Christian life
General subdivision Jehovah's Witnesses authors
Form subdivision Juvenile literature.
710 2# - ADDED ENTRY--CORPORATE NAME
Corporate name or jurisdiction name as entry element Watch Tower Bible and Tract Society of Pennsylvania.
856 41 - ELECTRONIC LOCATION AND ACCESS
Materials specified Table of contents
Uniform Resource Identifier <a href="http://www.loc.gov/catdir/toc/fy044/2004540738.html">http://www.loc.gov/catdir/toc/fy044/2004540738.html</a>
906 ## - LOCAL DATA ELEMENT F, LDF (RLIN)
a 7
b cbc
c copycat
d 3
e ncip
f 20
g y-gencatlg
942 ## - ADDED ENTRY ELEMENTS (KOHA)
Source of classification or shelving scheme Library of Congress Classification
Koha item type Books
Holdings
Withdrawn status Lost status Source of classification or shelving scheme Damaged status Home library Current library Shelving location Date acquired Source of acquisition Sub Shelving location Total Checkouts Full call number Barcode Date last seen Price effective from Koha item type
    Library of Congress Classification   Luxembourg Library Luxembourg Library Grade School Section 07/11/2016 Donation     BS 2416 .L43 2003 20261 07/11/2016 07/11/2016 Books

Learn from the great teacher.

APA

Watch Tower Bible and Tract Society of Pennsylvania, . (2003). Learn from the great teacher. [Pennsylvania: Watch Tower Bible and Tract Society of Pennsylvania.

Chicago

Watch Tower Bible and Tract Society of Pennsylvania, . 2003. Learn from the great teacher. [Pennsylvania: Watch Tower Bible and Tract Society of Pennsylvania.

Harvard

Watch Tower Bible and Tract Society of Pennsylvania, . (2003). Learn from the great teacher. [Pennsylvania: Watch Tower Bible and Tract Society of Pennsylvania.

MLA

Watch Tower Bible and Tract Society of Pennsylvania, . Learn from the great teacher. [Pennsylvania: Watch Tower Bible and Tract Society of Pennsylvania. 2003.

  • Place hold
  • Print
  • Cite
  • Add to your cart (remove)
  • Save record
    BIBTEX Dublin Core MARCXML MARC (non-Unicode/MARC-8) MARC (Unicode/UTF-8) MARC (Unicode/UTF-8, Standard) MODS (XML) RIS
  • More searches
    Search for this title in:
    Other Libraries (WorldCat) Other Databases (Google Scholar) Online Stores (Bookfinder.com) Open Library (openlibrary.org)

Exporting to Dublin Core...

SOUTHVILLE LIBRARY

Southville International School and Colleges Library

1281 Tropical Ave. Cor. Luxembourg St., BF Homes International, Las Pinas City

Tel. No. 8256374 / 252358 Loc. 117/146

Powered by Koha